Science Quiz

Random Science or Animal Quiz

Name That Bug! Quiz Stats

 Plays Quiz Updated Sep 28, 2016

Also try: Giant Bugs
Challenge
Share
Tweet
Score 0/27 Timer 06:00
0 Plays Today
% Correct
Bee
97.7%
Butterfly
97.6%
Snail
97%
Ant
96.5%
Moth
95.6%
Fly
95.2%
Spider
95.1%
Ladybird
94.7%
Grasshopper
94.1%
Worm
93.4%
Slug
91.5%
Praying Mantis
90%
Wasp
89.1%
Centipede
88.4%
% Correct
Dragonfly
88%
Locust
85.9%
Beetle
83.4%
Millipede
82%
Cockroach
81.4%
Stick Insect
80.3%
Mosquito
77.2%
Flea
67.2%
Caterpillar
65.9%
Earwig
60.3%
Woodlouse
55.4%
Silverfish
45.3%
Termite
39.3%

You're not logged in!

Compare scores with friends on all Sporcle quizzes.
OR
Log In

You Might Also Like...

Show Comments

Extras

Top Quizzes Today


Score Distribution

Your Account Isn't Verified!

In order to create a playlist on Sporcle, you need to verify the email address you used during registration. Go to your Sporcle Settings to finish the process.

Report this User

Report this user for behavior that violates our Community Guidelines.

Details: